[Event "Landesklasse West 2013/2014"]
[Site "?"]
[Date "2014.04.13"]
[Round "9"]
[White "Herzberg, Ägidius"]
[Black "Hüllenhagen, Andreas"]
[Result "1/2-1/2"]
[WhiteElo "1552"]
[BlackElo "1657"]
[PlyCount "71"]
[EventDate "2014.??.??"]

1. d4 Nf6 2. c4 g6 3. Nf3 Bg7 4. Nc3 d5 5. e3 O-O 6. c5 c6 7. b4 Nbd7 8. Bd3
Re8 9. Bb2 e5 10. dxe5 Ng4 11. O-O Ndxe5 12. Nxe5 Nxe5 13. Be2 Bf5 14. Qd2 Qe7
15. Rfd1 Rad8 16. a4 b6 17. cxb6 Qxb4 18. bxa7 Nc4 19. Bxc4 Qxc4 20. Rdc1 d4
21. Nd1 dxe3 22. Qxd8 Rxd8 23. Rxc4 e2 24. Ne3 Bxb2 25. Re1 Bd3 26. Rxc6 Ra8
27. Rb6 Bc3 28. Rxe2 Rxa7 29. Ra2 Be4 30. h3 Ba5 31. Rb5 Bc6 32. Rc5 Bd7 33.
Nc4 Bb4 34. Re5 Rxa4 35. Rc2 Be6 36. Ree2 1/2-1/2

[Event "Landesklasse West 2013/2014"]
[Site "?"]
[Date "2014.04.13"]
[Round "9"]
[White "Viererbe, Hartmut"]
[Black "Lath, Vinzent"]
[Result "1-0"]
[WhiteElo "1626"]
[BlackElo "1606"]
[PlyCount "125"]
[EventDate "2014.??.??"]

1. Nf3 c5 2. c4 e6 3. Nc3 Nc6 4. e3 Nf6 5. d4 d5 6. cxd5 Nxd5 7. Bb5 a6 8.
Bxc6+ bxc6 9. dxc5 Nxc3 10. Qxd8+ Kxd8 11. bxc3 Bxc5 12. Ne5 Ke8 13. Nxc6 Bb7
14. Ne5 Bxg2 15. Rg1 Bd6 16. Nc4 Rd8 17. Rxg2 g6 18. Nxd6+ Rxd6 19. Bb2 Kd7 20.
Rd1 Rb8 21. Rxd6+ Kxd6 22. f4 Kd5 23. Rd2+ Ke4 24. Ke2 h5 25. c4 Rc8 26. Rd4+
Kf5 27. h3 g5 28. fxg5 Kxg5 29. h4+ Kf5 30. Rf4+ Kg6 31. Rf6+ Kg7 32. Rxe6+ Kg8
33. Re4 Rc5 34. Kd3 Rf5 35. Re8+ Kh7 36. Rh8+ Kg6 37. Rg8+ Kh6 38. Rg2 Ra5 39.
a3 Rc5 40. Bg7+ Kh7 41. Bd4 Rc8 42. Rg7+ Kh6 43. Rxf7 Rb8 44. Rf6+ Kh7 45. Rb6
Rf8 46. Rxa6 Rf1 47. c5 Rd1+ 48. Kc2 Rh1 49. c6 Rh2+ 50. Kd3 Rh1 51. c7 Rd1+
52. Kc2 Rh1 53. c8=Q Rc1+ 54. Kd3 Rxc8 55. Ra7+ Kg6 56. e4 Rc1 57. Rg7+ Kh6 58.
Be3+ Kxg7 59. Bxc1 Kf7 60. a4 Ke7 61. a5 Kd7 62. e5 Kc7 63. e6 1-0

[Event "Landesklasse West 2013/2014"]
[Site "?"]
[Date "2014.04.13"]
[Round "9"]
[White "Lath, Siegfried"]
[Black "Göbel, Klaus"]
[Result "1/2-1/2"]
[WhiteElo "1643"]
[BlackElo "1357"]
[PlyCount "127"]
[EventDate "2014.??.??"]

1. e4 c5 2. Nf3 Nc6 3. d4 cxd4 4. Nxd4 Nf6 5. Nc3 Qb6 6. Nb3 d6 7. Be3 Qc7 8.
Be2 e6 9. f4 a6 10. a4 Be7 11. O-O O-O 12. Qe1 d5 13. e5 Nd7 14. Rf3 f6 15.
exf6 Bxf6 16. Qf2 b6 17. Rh3 Ne7 18. Bd3 g6 19. Re1 Bb7 20. g4 Qc6 21. Nd4 Bxd4
22. Bxd4 e5 23. Qh4 Rf7 24. Bxe5 Nxe5 25. Rxe5 Qd6 26. Rhe3 Re8 27. f5 g5 28.
Qe1 Qc5 29. Kf1 Qd6 30. Ne2 d4 31. Re6 Qxh2 32. Rg3 Bd5 33. Re5 Ref8 34. Nxd4
Ng6 35. Rxd5 Qh1+ 36. Kf2 Qxd5 37. Ne6 Re8 38. Re3 Nh4 39. Ke2 Ng2 40. Qg3 Nxe3
41. Qxe3 Qg2+ 42. Ke1 Qxg4 43. Kd2 Rxf5 44. Bxf5 Qxf5 45. Qxg5+ Qxg5+ 46. Nxg5
h5 47. c4 Re5 48. Nf3 Rc5 49. Kd3 a5 50. Kd4 Rf5 51. Ke4 Rxf3 52. Kxf3 Kf7 53.
b4 axb4 54. c5 b3 55. c6 b2 56. c7 b1=Q 57. c8=Q Qb3+ 58. Kg2 Qe6 59. Qc7+ Kg6
60. Qc2+ Kg5 61. Qd2+ Kg4 62. Qd4+ Kf5 63. Qf2+ Kg6 64. Qc2+ 1/2-1/2

[Event "Landesklasse West 2013/2014"]
[Site "?"]
[Date "2014.04.13"]
[Round "9"]
[White "Wauer, Klaus"]
[Black "Mosebach, Christian"]
[Result "1/2-1/2"]
[WhiteElo "1427"]
[BlackElo "1565"]
[PlyCount "34"]
[EventDate "2014.??.??"]

1. e4 c6 2. d4 d5 3. Nc3 dxe4 4. Nxe4 Bf5 5. Ng3 Bg6 6. f4 e6 7. h4 h6 8. Qe2
Ne7 9. Nf3 Nf5 10. Nxf5 Bxf5 11. c3 Nd7 12. Ne5 Nxe5 13. fxe5 Qd5 14. Rh2 h5
15. Bg5 Be7 16. Qe3 Qe4 17. Qxe4 Bxe4 1/2-1/2

[Event "Landesklasse West 2013/2014"]
[Site "?"]
[Date "2014.04.13"]
[Round "9"]
[White "Kachel, Bernd"]
[Black "Marek, Thomas"]
[Result "1/2-1/2"]
[WhiteElo "1424"]
[BlackElo "1291"]
[PlyCount "41"]
[EventDate "2014.??.??"]

1. d4 Nf6 2. Bf4 d6 3. e3 g6 4. c4 Bg7 5. Nc3 c6 6. Bd3 Nbd7 7. Nge2 O-O 8. O-O
e5 9. Bg5 Re8 10. Ne4 Qc7 11. Nxf6+ Nxf6 12. Bxf6 Bxf6 13. Qb3 Bg4 14. f3 Be6
15. d5 Bd7 16. Nc3 Bg7 17. Rae1 Rf8 18. e4 f5 19. c5 Kh8 20. cxd6 Qxd6 21. Qxb7
1/2-1/2

[Event "Landesklasse West 2013/2014"]
[Site "?"]
[Date "2014.04.13"]
[Round "9"]
[White "Kuntze, Andreas"]
[Black "Petiko, Nikolai"]
[Result "1/2-1/2"]
[WhiteElo "1992"]
[BlackElo "1955"]
[PlyCount "30"]
[EventDate "2014.??.??"]
[WhiteTeam "Schachclub Rochade Leinefelde"]
[BlackTeam "SV Breitenworbis"]

1. e4 d6 2. d4 Nf6 3. Nc3 g6 4. f4 Bg7 5. e5 Nfd7 6. Nf3 c5 7. Be3 O-O 8. exd6
exd6 9. Qd2 Nc6 10. O-O-O Qa5 11. Kb1 a6 12. Nd5 Qxd2 13. Rxd2 b5 14. c4 Rb8
15. Nc3 Re8 1/2-1/2

[Event "Landesklasse West 2013/2014"]
[Site "?"]
[Date "2014.04.13"]
[Round "9"]
[White "Gast, Rainer"]
[Black "Kachel, Alfred"]
[Result "0-1"]
[WhiteElo "1878"]
[BlackElo "1963"]
[PlyCount "80"]
[EventDate "2014.??.??"]
[WhiteTeam "SV Breitenworbis"]
[BlackTeam "Schachclub Rochade Leinefelde"]

1. e4 d5 2. exd5 Qxd5 3. Nc3 Qd6 4. d4 Nf6 5. Nf3 a6 6. Be2 Nc6 7. Be3 Bf5 8.
a3 e6 9. Qd2 Be7 10. Nh4 Bg4 11. f3 Bh5 12. g4 Nxg4 13. Ng2 Nxe3 14. Qxe3 Qxd4
15. Rd1 Qxe3 16. Nxe3 Bh4+ 17. Kf1 Bf6 18. Kf2 Bxc3 19. bxc3 Ke7 20. Rb1 Rab8
21. a4 Rhd8 22. Rhd1 Rxd1 23. Nxd1 g5 24. Ke3 f5 25. Nf2 f4+ 26. Kd2 Ne5 27.
Ne4 h6 28. Nc5 Bxf3 29. Ke1 Bxe2 30. Kxe2 Nd7 31. Ne4 b6 32. Kf3 Ne5+ 33. Kg2
Rd8 34. Re1 Nc4 35. Re2 e5 36. Kf3 Ne3 37. Nd2 g4+ 38. Ke4 Ke6 39. Nb3 Nd1 40.
Rg2 Nxc3# 0-1

[Event "Landesklasse West 2013/2014"]
[Site "?"]
[Date "2014.04.13"]
[Round "9"]
[White "Leibeling, Lucian"]
[Black "Frank, Thomas"]
[Result "1/2-1/2"]
[WhiteElo "1843"]
[BlackElo "1897"]
[PlyCount "80"]
[EventDate "2014.??.??"]
[WhiteTeam "SV Breitenworbis"]
[BlackTeam "Schachclub Rochade Leinefelde"]

1. c4 c5 2. Nc3 Nc6 3. d3 g6 4. g3 Bg7 5. Bg2 Nf6 6. e4 d6 7. Nge2 O-O 8. O-O
a6 9. h3 Rb8 10. b3 e6 11. Rb1 Qc7 12. f4 h5 13. Bb2 Ne7 14. Kh1 b5 15. Ng1
bxc4 16. dxc4 Bb7 17. Qe1 Rbd8 18. g4 hxg4 19. Qh4 d5 20. hxg4 Nxe4 21. Nxe4
dxe4 22. Nh3 f6 23. f5 exf5 24. g5 Qc6 25. gxf6 Bxf6 26. Ng5 Bxg5 27. Qxg5 Kf7
28. Rf4 Rd2 29. Rh4 Rd7 30. Rf1 Qe6 31. Qe3 Ke8 32. Qxc5 e3 33. Bxb7 Rxb7 34.
Be5 Qc6+ 35. Qxc6+ Nxc6 36. Bd6 Rg8 37. Re1 Kd7 38. c5 g5 39. Rh5 Rb4 40. Rxe3
Rg4 1/2-1/2

[Event "Landesklasse West 2013/2014"]
[Site "?"]
[Date "2014.04.13"]
[Round "9"]
[White "Pfitzenreuter, Gerald"]
[Black "Vergin, Marcel"]
[Result "1/2-1/2"]
[WhiteElo "1893"]
[BlackElo "1689"]
[PlyCount "72"]
[EventDate "2014.??.??"]
[WhiteTeam "Schachclub Rochade Leinefelde"]
[BlackTeam "SV Breitenworbis"]

1. d4 Nf6 2. c4 d6 3. Nc3 Nbd7 4. e4 e5 5. Nge2 c6 6. f3 Be7 7. Be3 O-O 8. Qd2
Qc7 9. g4 Rd8 10. d5 a6 11. Ng3 cxd5 12. cxd5 b5 13. Rc1 Qb7 14. g5 Ne8 15. h4
Nb6 16. b3 Bd7 17. Bh3 Bxh3 18. Rxh3 Rdc8 19. Nf5 Bf8 20. h5 g6 21. Nh6+ Bxh6
22. gxh6 Rc7 23. Rh1 b4 24. Ne2 Rxc1+ 25. Nxc1 Rc8 26. Qxb4 Rc2 27. Ne2 Rxa2
28. Kf2 Qc7 29. Qxb6 Qc2 30. Re1 Qc8 31. Rc1 Qh3 32. Rg1 Qh2+ 33. Rg2 Rxe2+ 34.
Kxe2 Qxg2+ 35. Bf2 gxh5 36. Qd8 Kf8 1/2-1/2

[Event "Landesklasse West 2013/2014"]
[Site "?"]
[Date "2014.04.13"]
[Round "9"]
[White "Eipel, Andreas"]
[Black "Seeboth, Paul"]
[Result "1/2-1/2"]
[WhiteElo "1684"]
[BlackElo "1819"]
[PlyCount "53"]
[EventDate "2014.??.??"]
[WhiteTeam "SV Breitenworbis"]
[BlackTeam "Schachclub Rochade Leinefelde"]

1. e4 d5 2. exd5 Qxd5 3. Nc3 Qd6 4. d3 Nf6 5. h3 Nc6 6. Nf3 a6 7. a3 Bf5 8. Be3
e5 9. g3 Be7 10. Bg2 O-O 11. O-O Rad8 12. Kh2 Nd7 13. Ne4 Qg6 14. Nfd2 Be6 15.
f4 h6 16. Nf3 f5 17. Nc3 Bd6 18. Nh4 Qf7 19. Qe2 Be7 20. Nf3 e4 21. Nd2 exd3
22. cxd3 Bc5 23. Rae1 Bxe3 24. Qxe3 Rfe8 25. Qf2 Nb6 26. Bxc6 bxc6 27. d4
1/2-1/2

[Event "Landesklasse West 2013/2014"]
[Site "?"]
[Date "2014.04.13"]
[Round "9"]
[White "Löffelholz, Christian"]
[Black "Schirmer, Christoph"]
[Result "1-0"]
[WhiteElo "1726"]
[BlackElo "1412"]
[PlyCount "75"]
[EventDate "2014.??.??"]
[WhiteTeam "Schachclub Rochade Leinefelde"]
[BlackTeam "SV Breitenworbis"]

1. e4 e5 2. Nf3 d6 3. d4 exd4 4. Nxd4 Nf6 5. Nc3 Be7 6. Bd3 O-O 7. h3 a5 8. Be3
Na6 9. f4 Nc5 10. Nf3 d5 11. exd5 Nxd3+ 12. Qxd3 Bb4 13. O-O-O Bxc3 14. Qxc3
Nxd5 15. Qc5 c6 16. c4 Be6 17. Ng5 Rc8 18. Nxe6 fxe6 19. Kb1 Qe8 20. cxd5 Qg6+
21. Qc2 Qxc2+ 22. Kxc2 exd5 23. g3 Rfe8 24. Rhe1 a4 25. Bd4 Kf7 26. Re5 Rxe5
27. Bxe5 Re8 28. Kc3 b5 29. Kb4 Re6 30. Kc5 g6 31. Rc1 Ke8 32. b3 axb3 33. axb3
Kd7 34. Ra1 Kc8 35. Ra7 Kd8 36. Rxh7 Ke8 37. Rc7 Kd8 38. Rxc6 1-0

[Event "Landesklasse West 2013/2014"]
[Site "?"]
[Date "2014.04.13"]
[Round "9"]
[White "Danneleit, Tobias"]
[Black "Stöber, Guido"]
[Result "1-0"]
[WhiteElo "1246"]
[BlackElo "1447"]
[PlyCount "63"]
[EventDate "2014.??.??"]
[WhiteTeam "SV Breitenworbis"]
[BlackTeam "Schachclub Rochade Leinefelde"]

1. d4 d5 2. c4 e6 3. Nc3 Nf6 4. Bg5 Be7 5. e3 O-O 6. Nf3 Nbd7 7. Bd3 c6 8. O-O
dxc4 9. Bxc4 Nd5 10. Bxe7 Qxe7 11. Ne4 N7f6 12. Ng3 Bd7 13. a3 Rac8 14. Qd3 h6
15. Ne5 Rfd8 16. f4 c5 17. Rad1 Nb6 18. Bb3 Na4 19. Qe2 Nb6 20. Nh5 a6 21.
Nxf6+ Qxf6 22. Rf3 Bb5 23. Qf2 c4 24. Bc2 Ba4 25. Ng4 Qe7 26. Rg3 Qh4 27. Bxa4
Nxa4 28. Qc2 b5 29. Rf1 Nb6 30. f5 exf5 31. Qxf5 Rf8 32. Nf6+ 1-0

[Event "Landesklasse West 2013/2014"]
[Site "?"]
[Date "2014.04.13"]
[Round "9"]
[White "Klingler, Lutz"]
[Black "Neef, Michael"]
[Result "1/2-1/2"]
[WhiteElo "1958"]
[BlackElo "1867"]
[PlyCount "45"]
[EventDate "2014.??.??"]

1. f4 d5 2. Nf3 c5 3. e3 Nc6 4. Bb5 Bd7 5. O-O e6 6. d3 Qb6 7. Bxc6 Bxc6 8. Ne5
Nf6 9. Nxc6 Qxc6 10. Qf3 Be7 11. Nc3 O-O 12. e4 dxe4 13. Nxe4 Nxe4 14. dxe4
Rad8 15. c3 Rd7 16. Be3 b6 17. Rad1 Rxd1 18. Rxd1 Rd8 19. Rxd8+ Bxd8 20. Qd1
Be7 21. Qd3 Qd6 22. Qxd6 Bxd6 23. g3 1/2-1/2

[Event "Landesklasse West 2013/2014"]
[Site "?"]
[Date "2014.04.13"]
[Round "9"]
[White "Schwarz, Hilmar"]
[Black "Lesser, Thomas"]
[Result "1/2-1/2"]
[WhiteElo "1775"]
[BlackElo "1855"]
[PlyCount "39"]
[EventDate "2014.??.??"]

1. e4 e5 2. Nf3 Nc6 3. Bc4 Bc5 4. c3 Nf6 5. d4 exd4 6. cxd4 Bb4+ 7. Nc3 Nxe4 8.
O-O Bxc3 9. d5 Bf6 10. Re1 Ne7 11. Rxe4 d6 12. Bg5 Bxg5 13. Nxg5 O-O 14. Nxh7
Kxh7 15. Qh5+ Kg8 16. Rh4 f6 17. g4 Bd7 18. Qh7+ Kf7 19. Qh5+ Kg8 20. Qh7+
1/2-1/2

[Event "Landesklasse West 2013/2014"]
[Site "?"]
[Date "2014.04.13"]
[Round "9"]
[White "Bamberg, Alexander"]
[Black "Königsdörfer, Gerhard"]
[Result "1/2-1/2"]
[WhiteElo "1853"]
[BlackElo "1851"]
[PlyCount "22"]
[EventDate "2014.??.??"]

1. e4 e5 2. Nf3 Nc6 3. Nc3 Nf6 4. d4 exd4 5. Nxd4 Bb4 6. Nxc6 bxc6 7. Bd3 d5 8.
exd5 cxd5 9. O-O O-O 10. Bg5 Be6 11. Qf3 Be7 1/2-1/2

[Event "Landesklasse West 2013/2014"]
[Site "?"]
[Date "2014.04.13"]
[Round "9"]
[White "Anschütz, Bernd"]
[Black "Wissel, Daniel"]
[Result "1/2-1/2"]
[WhiteElo "1759"]
[BlackElo "1863"]
[PlyCount "45"]
[EventDate "2014.??.??"]

1. e4 b6 2. c4 Bb7 3. d3 e5 4. g3 d6 5. Bg2 c5 6. Nc3 Ne7 7. Nge2 Nbc6 8. O-O
g6 9. a4 a5 10. b3 Bg7 11. h4 h5 12. Bd2 O-O 13. Rb1 Nb4 14. Be3 Nec6 15. Nd5
Nxd5 16. cxd5 Nd4 17. Nxd4 cxd4 18. Bd2 Rc8 19. Rc1 Rxc1 20. Qxc1 Qc8 21. Qxc8
Rxc8 22. Rc1 Rxc1+ 23. Bxc1 1/2-1/2

[Event "Landesklasse West 2013/2014"]
[Site "?"]
[Date "2014.04.13"]
[Round "9"]
[White "Krannich, Steffen"]
[Black "Ulbricht, Olaf"]
[Result "1/2-1/2"]
[WhiteElo "1818"]
[BlackElo "1605"]
[PlyCount "32"]
[EventDate "2014.??.??"]

1. d4 d5 2. Nf3 Nc6 3. g3 g6 4. c4 e6 5. Bg2 Nge7 6. Nc3 Bg7 7. O-O O-O 8. e3
b6 9. a3 Bb7 10. cxd5 Nxd5 11. Nxd5 Qxd5 12. Qc2 Rfd8 13. Ne5 Nb4 14. Bxd5 Nxc2
15. Bxb7 Nxa1 16. Bxa8 Rxa8 1/2-1/2

[Event "Landesklasse West 2013/2014"]
[Site "?"]
[Date "2014.04.13"]
[Round "9"]
[White "Hoppe, Hans-Jörg"]
[Black "Burkhardt, Christian"]
[Result "1/2-1/2"]
[WhiteElo "1525"]
[BlackElo "1646"]
[PlyCount "31"]
[EventDate "2014.??.??"]

1. c4 c5 2. Nc3 Nc6 3. g3 g6 4. Bg2 Bg7 5. e3 e6 6. Nge2 Nge7 7. O-O O-O 8. d4
cxd4 9. exd4 d5 10. c5 Nf5 11. Be3 b6 12. g4 Nxe3 13. fxe3 bxc5 14. dxc5 Qg5
15. Nf4 Ba6 16. Re1 1/2-1/2

[Event "Landesklasse West 2013/2014"]
[Site "?"]
[Date "2014.04.13"]
[Round "9"]
[White "Weigend, Joachim"]
[Black "Tischner, Manfred"]
[Result "1/2-1/2"]
[WhiteElo "1797"]
[BlackElo "1729"]
[PlyCount "35"]
[EventDate "2014.??.??"]

1. c4 c5 2. Nc3 Nc6 3. g3 g6 4. Bg2 Bg7 5. e3 d6 6. Nge2 e5 7. O-O Nge7 8. Nd5
Nxd5 9. cxd5 Ne7 10. d4 cxd4 11. exd4 O-O 12. dxe5 Bxe5 13. Qb3 b6 14. Be3 Ba6
15. Rfe1 Nf5 16. Rad1 Nxe3 17. fxe3 Bxe2 18. Rxe2 1/2-1/2

[Event "Landesklasse West 2013/2014"]
[Site "?"]
[Date "2014.04.13"]
[Round "9"]
[White "Mekus, Stephanie"]
[Black "Himmel, Matthias"]
[Result "1/2-1/2"]
[WhiteElo "1537"]
[BlackElo "1552"]
[PlyCount "29"]
[EventDate "2014.??.??"]

1. d4 e6 2. Bf4 c5 3. e3 b6 4. c4 Bb7 5. Nf3 Nf6 6. Nbd2 Be7 7. h3 O-O 8. Be2
Nc6 9. O-O d6 10. Qc2 Re8 11. Rab1 Bf8 12. a3 cxd4 13. exd4 e5 14. dxe5 dxe5
15. Bg5 1/2-1/2

[Event "Landesklasse West 2013/2014"]
[Site "?"]
[Date "2014.04.13"]
[Round "9"]
[White "Wegerich, Michael"]
[Black "Krüger, Karsten"]
[Result "1-0"]
[WhiteElo "1990"]
[BlackElo "1242"]
[PlyCount "51"]
[EventDate "2014.??.??"]

1. e4 e5 2. Nf3 Nc6 3. Bc4 b6 4. c3 Bb7 5. d4 exd4 6. cxd4 Bb4+ 7. Nc3 h6 8.
O-O Bxc3 9. bxc3 Nge7 10. d5 Na5 11. Bd3 O-O 12. c4 d6 13. Bb2 Ba6 14. Qc2 b5
15. cxb5 Bc8 16. Qc3 f6 17. Qxa5 Bb7 18. Nd4 Ng6 19. Ne6 Qd7 20. Nxf8 Kxf8 21.
g3 Ne5 22. Bxe5 dxe5 23. Rac1 Qh3 24. Qxc7 Bc8 25. Qc6 Rb8 26. Qd6+ 1-0

[Event "Landesklasse West 2013/2014"]
[Site "?"]
[Date "2014.04.13"]
[Round "9"]
[White "Latussek, Paul"]
[Black "Schorch, Rüdiger"]
[Result "0-1"]
[WhiteElo "1448"]
[BlackElo "1837"]
[PlyCount "36"]
[EventDate "2014.??.??"]

1. f4 e5 2. fxe5 d6 3. exd6 Bxd6 4. Nf3 g5 5. g3 g4 6. Nh4 Nc6 7. d4 Nxd4 8. c3
Nc6 9. Bf4 Bxf4 10. Qxd8+ Nxd8 11. gxf4 Ne6 12. e3 Bd7 13. Nd2 O-O-O 14. O-O-O
Ne7 15. Be2 h5 16. Ne4 Bc6 17. Bd3 Rxd3 18. Rxd3 Bxe4 0-1

[Event "Landesklasse West 2013/2014"]
[Site "?"]
[Date "2014.04.13"]
[Round "9"]
[White "Kampfhenkel, Ulrich"]
[Black "Löhn, Marko"]
[Result "1-0"]
[WhiteElo "1931"]
[BlackElo "1564"]
[PlyCount "97"]
[EventDate "2014.??.??"]

1. e4 d5 2. exd5 Nf6 3. d4 Nxd5 4. c4 Nb4 5. a3 N4a6 6. Nf3 e6 7. Nc3 Be7 8.
Bd3 Nd7 9. O-O O-O 10. Qe2 Nf6 11. b4 c6 12. Rd1 Nc7 13. Rb1 b6 14. Ne5 Bb7 15.
Qf3 Kh8 16. Bc2 Rb8 17. Qh3 Nce8 18. Ne4 Nxe4 19. Bxe4 Nf6 20. Bxc6 Bd6 21. Bg5
Qc7 22. Bxb7 Rxb7 23. Qf3 Be7 24. Nc6 Rc8 25. b5 h6 26. Bf4 Bd6 27. Bxh6 Bxh2+
28. Kh1 Kh7 29. Qh3 gxh6 30. Qxh2 Ne4 31. Qxc7 Rbxc7 32. Rb2 Kg7 33. Re1 Nd6
34. Rc2 a6 35. a4 axb5 36. axb5 Kf6 37. Ra1 Nf5 38. Ra6 Rb7 39. Rca2 Nd6 40.
R2a4 Rcc7 41. Kg1 Nf5 42. Kf1 Rd7 43. Ra7 Rxa7 44. Rxa7 Rxa7 45. Nxa7 Nd6 46.
c5 bxc5 47. dxc5 Nc4 48. b6 Na5 49. c6 1-0

[Event "Landesklasse West 2013/2014"]
[Site "?"]
[Date "2014.04.13"]
[Round "9"]
[White "Salaske, Peter"]
[Black "Handschuh, Franz"]
[Result "1/2-1/2"]
[WhiteElo "1859"]
[BlackElo "1807"]
[PlyCount "58"]
[EventDate "2014.??.??"]

1. d4 Nf6 2. Nf3 e6 3. Bf4 c5 4. e3 Nc6 5. c3 d5 6. Nbd2 Be7 7. h3 O-O 8. Bd3
c4 9. Bc2 Bd6 10. Bg5 h6 11. Bh4 Be7 12. O-O Nd7 13. Bg3 f5 14. b3 cxb3 15.
axb3 Nf6 16. b4 Bd6 17. Bxd6 Qxd6 18. b5 Ne7 19. Ne5 Bd7 20. Bd3 Ne4 21. Nxe4
fxe4 22. Be2 Rfc8 23. Qb3 Be8 24. Rfc1 Nf5 25. Rc2 b6 26. Rac1 Rc7 27. c4 Ne7
28. cxd5 Rxc2 29. Qxc2 exd5 1/2-1/2

[Event "Landesklasse West 2013/2014"]
[Site "?"]
[Date "2014.04.13"]
[Round "9"]
[White "Brehme, Stefan"]
[Black "Breuer, Harald"]
[Result "1-0"]
[WhiteElo "1775"]
[BlackElo "1845"]
[PlyCount "93"]
[EventDate "2014.??.??"]

1. e4 c5 2. Nf3 d6 3. d4 cxd4 4. Nxd4 Nf6 5. Nc3 a6 6. Be2 e5 7. Nb3 Be6 8. Bf3
Be7 9. a4 O-O 10. O-O Nbd7 11. a5 Qc7 12. Re1 Rac8 13. Bd2 Rfd8 14. Rc1 Nc5 15.
Nxc5 dxc5 16. Qe2 Rd7 17. Na4 Rdd8 18. Nb6 Rb8 19. c4 Nd7 20. Nd5 Bxd5 21. cxd5
b5 22. axb6 Qxb6 23. Bc3 Qb5 24. Qd2 h6 25. Ra1 c4 26. Ra5 Qb7 27. Qe2 Rdc8 28.
Rea1 Ra8 29. Bg4 f6 30. Be6+ Kh8 31. d6 Bd8 32. Bd5 Qb8 33. Bxa8 Bxa5 34. Bxa5
Qxa8 35. Bc7 Qc6 36. Rc1 Nb6 37. b3 a5 38. bxc4 Ra8 39. Bxb6 Qxb6 40. c5 Qc6
41. Qd3 a4 42. Qd5 Qa6 43. d7 Qa5 44. c6 Qc7 45. Qe6 Rb8 46. Qe8+ Kh7 47. Qxb8
1-0

[Event "Landesklasse West 2013/2014"]
[Site "?"]
[Date "2014.04.13"]
[Round "9"]
[White "Licht, Ralph"]
[Black "Dawydow, Julius"]
[Result "1/2-1/2"]
[WhiteElo "1638"]
[BlackElo "1473"]
[PlyCount "38"]
[EventDate "2014.??.??"]

1. Nf3 e6 2. d4 d5 3. e3 c5 4. b3 Nc6 5. Bd3 Bd7 6. O-O Nf6 7. Bb2 cxd4 8. exd4
Be7 9. Nbd2 O-O 10. Ne5 Rc8 11. a3 Qc7 12. f4 Rfd8 13. Qe2 Be8 14. Ndf3 Nd7 15.
Rae1 Nf8 16. Kh1 Nxe5 17. fxe5 Qa5 18. Rf2 Rc7 19. Ref1 Rdc8 1/2-1/2

[Event "Thüringenliga 2013/2014"]
[Site "?"]
[Date "2013.09.15"]
[Round "1"]
[White "Neidig, Stefan"]
[Black "Langheinrich, Ferenc"]
[Result "0-1"]
[WhiteElo "2169"]
[BlackElo "2375"]
[PlyCount "28"]
[EventDate "2013.??.??"]
[WhiteTeam "TSG Apolda"]
[BlackTeam "ESV Lok Sömmerda"]

1. d4 Nf6 2. c4 e6 3. Nc3 Bb4 4. e3 O-O 5. Bd3 d5 6. a3 Bxc3+ 7. bxc3 c5 8. Nf3
dxc4 9. Bxc4 Qc7 10. Qe2 cxd4 11. cxd4 b5 12. Bd3 Qc3+ 13. Qd2 Qxa1 14. O-O Bb7
0-1

[Event "Thüringenliga 2013/2014"]
[Site "?"]
[Date "2013.09.15"]
[Round "1"]
[White "Krüger, Rainer"]
[Black "Goemann, Jens"]
[Result "1-0"]
[WhiteElo "2074"]
[BlackElo "2078"]
[PlyCount "49"]
[EventDate "2013.??.??"]
[WhiteTeam "ESV Lok Sömmerda"]
[BlackTeam "TSG Apolda"]

1. d4 Nf6 2. Nf3 g6 3. g3 Bg7 4. Bg2 O-O 5. c4 d6 6. O-O c6 7. Nc3 Qa5 8. e4
Bg4 9. h3 Bxf3 10. Bxf3 Nfd7 11. Be3 Re8 12. Rb1 c5 13. e5 cxd4 14. Bxb7 dxe3
15. Bxa8 exf2+ 16. Rxf2 Nxe5 17. b4 Qc7 18. Rc2 Nbc6 19. Bxc6 Nxc6 20. Ne2 Nxb4
21. Rcc1 Nxa2 22. Qa4 Qc5+ 23. Kg2 Nxc1 24. Qxe8+ Bf8 25. Rb8 1-0

[Event "Thüringenliga 2013/2014"]
[Site "?"]
[Date "2013.09.15"]
[Round "1"]
[White "Maiwald, Harald"]
[Black "Siegemund, Joachim"]
[Result "1/2-1/2"]
[WhiteElo "2044"]
[BlackElo "2005"]
[PlyCount "80"]
[EventDate "2013.??.??"]
[WhiteTeam "TSG Apolda"]
[BlackTeam "ESV Lok Sömmerda"]

1. Nf3 d5 2. c4 c6 3. b3 Nf6 4. Bb2 g6 5. g3 Bg7 6. Bg2 O-O 7. O-O Nbd7 8. d4
Ne4 9. Nc3 Ndf6 10. Nd2 Nxc3 11. Bxc3 Bf5 12. Rc1 Qd7 13. Re1 Ne4 14. Nxe4 Bxe4
15. f3 Bf5 16. e4 dxe4 17. fxe4 Bg4 18. Qd2 Bh3 19. d5 Bxc3 20. Qxc3 Bxg2 21.
Kxg2 Rac8 22. Qe3 b6 23. Rf1 f6 24. Rcd1 Qd6 25. Qf4 Qxf4 26. gxf4 cxd5 27.
Rxd5 Rfd8 28. Rfd1 Rxd5 29. Rxd5 Rc7 30. Kf3 Kf7 31. Ke3 h5 32. Kd4 e6 33. Rd6
Ke7 34. e5 g5 35. Ke4 gxf4 36. Rd3 Rc5 37. exf6+ Kxf6 38. Kxf4 b5 39. cxb5 Rxb5
40. a3 a5 1/2-1/2

[Event "Thüringenliga 2013/2014"]
[Site "?"]
[Date "2013.09.15"]
[Round "1"]
[White "Kalisch, Michael"]
[Black "Rohmeiß, Roberto"]
[Result "0-1"]
[WhiteElo "1978"]
[BlackElo "2023"]
[PlyCount "70"]
[EventDate "2013.??.??"]
[WhiteTeam "ESV Lok Sömmerda"]
[BlackTeam "TSG Apolda"]

1. e4 d6 2. d4 Nf6 3. Nc3 g6 4. g3 Bg7 5. Bg2 O-O 6. Nge2 c6 7. a4 Qc7 8. O-O
e5 9. h3 Nbd7 10. Be3 b6 11. Qd2 Bb7 12. Rad1 Rad8 13. g4 h5 14. g5 Ne8 15. f4
exf4 16. Bxf4 a6 17. Nb1 b5 18. axb5 axb5 19. Qc3 Nb6 20. Nd2 Qe7 21. Ra1 Ra8
22. Qg3 Rxa1 23. Rxa1 Nc8 24. c3 Nc7 25. e5 dxe5 26. Bxe5 Bxe5 27. dxe5 Re8 28.
Ne4 Nd5 29. Nd4 Qxe5 30. Qxe5 Rxe5 31. Nc5 Nd6 32. Ra7 Bc8 33. Nxc6 Rxg5 34.
Kh2 Nf4 35. Ra8 Rxc5 0-1

[Event "Thüringenliga 2013/2014"]
[Site "?"]
[Date "2013.09.15"]
[Round "1"]
[White "Kühn, Martin"]
[Black "Schmidt, Matthias"]
[Result "1-0"]
[WhiteElo "1937"]
[BlackElo "1957"]
[PlyCount "113"]
[EventDate "2013.??.??"]
[WhiteTeam "ESV Lok Sömmerda"]
[BlackTeam "TSG Apolda"]

1. d4 Nf6 2. c4 e6 3. Nf3 d5 4. Bg5 c6 5. e3 Qa5+ 6. Nbd2 Ne4 7. Bf4 Bb4 8. Bd3
Nxd2 9. Nxd2 dxc4 10. Bxc4 O-O 11. a3 Bxd2+ 12. Qxd2 Qxd2+ 13. Kxd2 Nd7 14. e4
Re8 15. Ke3 e5 16. dxe5 Nxe5 17. Bxe5 Rxe5 18. Rad1 Re8 19. Rd6 Kf8 20. Kf4 a5
21. a4 Rb8 22. Rhd1 f6 23. R1d3 Ke7 24. Bb3 Rf8 25. Ke3 Re8 26. f4 Rf8 27. f5
Re8 28. Kf4 Kf8 29. g4 h6 30. h4 Ra8 31. R3d4 Ra6 32. Bc4 Rb6 33. b3 Rb4 34. g5
hxg5+ 35. hxg5 fxg5+ 36. Kxg5 b5 37. Be2 Rxd4 38. Rxd4 c5 39. Rd5 bxa4 40. Bb5
Bb7 41. Rxc5 Ra8 42. Bxa4 Bxe4 43. Bd7 Ra6 44. Be6 Bc6 45. Bc4 Rb6 46. Rxa5 Be8
47. Ra7 Rb8 48. Be6 Rb6 49. Rc7 Rb4 50. Rc3 Rb7 51. Rh3 Ke7 52. Bd5 Rb5 53. Bc4
Rb7 54. Bd5 Rb5 55. Re3+ Kf8 56. Rxe8+ Kxe8 57. Bc6+ 1-0